Loading...
| Literature - British Literature | 0 | 4 | 0 | 1 | 40 | 65 | 111.00 | 0 | 2 |
| Fine Arts - Other Fine Arts | 0 | 3 | 1 | 0 | 25 | 61 | 76.67 | 2 | 3 |
| Religion | 0 | 2 | 0 | 1 | 20 | 80 | 102.50 | 0 | 1 |
| History - American History | 0 | 2 | 1 | 0 | 15 | 99 | 99.00 | 1 | 1 |
| History - Other History | 0 | 1 | 0 | 1 | 10 | 131 | 131.00 | 0 | 0 |
| Literature - American Literature | 0 | 1 | 0 | 0 | 10 | 114 | 114.00 | 0 | 0 |
| Mythology | 0 | 1 | 0 | 1 | 10 | 146 | 146.00 | 0 | 0 |
| History - European History | 0 | 1 | 0 | 0 | 10 | 80 | 80.00 | 0 | 1 |
| Geography | 0 | 1 | 1 | 0 | 5 | 80 | 80.00 | 0 | 1 |
| Philosophy | 0 | 0 | 0 | 0 | 0 | 0.00 | 0 | 0 | |
| Pop Culture | 0 | 0 | 1 | 0 | -5 | 0.00 | 0 | 0 |